000 00315nam a2200157Ia 4500
100 _aAustin/ David
250 _a2
942 _cBK
654 _aComputer
245 _aUsing Oracle 8th
260 _bPrentice Hall
_c1998
082 _a005.133'O'
_bAKS
300 _a805
546 _aENGLISH
999 _c27238
_d27238